The AA key guide Italy.
| Format: | Book |
|---|---|
| Published: |
Berkshire:
Automobile Association Development Limited,
2003.
|
| Series: | The AA key guide
|
| Subjects: |
| LEADER | 00509cam a2200169 7i4500 | ||
|---|---|---|---|
| 001 | 0000016705 | ||
| 005 | 20051230090000.0 | ||
| 022 | 0 | 0 | |a 0-7495-4005-2 |
| 090 | 0 | 0 | |a ITAL 914.504929 |b KEY |
| 245 | 0 | 4 | |a The AA key guide Italy. |
| 260 | 0 | 0 | |a Berkshire: |b Automobile Association Development Limited, |c 2003. |
| 300 | # | # | |a 462 p. |
| 440 | 0 | 0 | |a The AA key guide |
| 650 | 0 | 0 | |a Italy -- |x guidebooks |
| 650 | 0 | 0 | |a Italy -- |x Description and travel |
| 651 | 0 | 0 | |a Italy |
| 999 | |a B000017873 |b Book |c Countries |e Business Information Centre | ||